1413 1993 1945 1532 1470 1113 1111 1955 1292 1568 1073 1267 1513 1081 1003 1004 1623 1391 1952 1547 1169 1654 1792 1985 1988 1838 1049 1979 1571 1759 1207 1993 1761 1397 1307 1134 1604 1758 1397 1479 1294 1446 1421 1907 1485 1566 1428 1522 1943 1902 1864 1726 1824 1863 1226 1606 1658 1865 1477 1070 1436 1655 1195 1053 1096 1387 1990 1427 1596 1033 1632 1342 1691 1369 1978 1130 1076 1278 1962 1409 1286 1017 1909 1088 1734 1327 1761 1656 1877 1620 1463 1268 1535 1812 1879 1554 1017 1441 1015 BCNSPRNW ULIB Ver.6.0+V

เปลี่ยนเป็นภาษาไทย

Change to English
 แสดงรายละเอียดบรรณานุกรม
  กลับหน้าหลัก

Brief Record : Get Marc (ISO 2709) : E-mail record : QR code < ปิดหน้าต่าง
LEADER : 00000nam 2200000uu 4500
001    13399129142
003     ULIB
008    250718s2567||||th 000 0 tha d
020    ^a9789740338789
050  4 ^aLB1028.3^bร374ก
100 0  ^aรัตนะ บัวสนธ์.
245 1  ^aการวิจัยและพัฒนานวัตกรรมการศึกษา /^cรัตนะ บัวสนธ์.
250    ^aพิมพ์ครั้งที่ 9.
260    ^aกรุงเทพฯ :^bสำนักพิมพ์จุฬาลงกรณ์มหาวิทยาลัย,^c2567.
300    ^a179, [2] หน้า :^bภาพประกอบ
505 0  ^aมโนทัศน์พื้นฐาน : การวิจัยและพัฒนานวัตกรรมการศึกษา -- การศึกษาข้อมูลพื้นฐาน -- การออกแบบ สร้าง และประเมินนวัตกรรมการศึกษา -- การทดลองใช้นวัตกรรมการศึกษา -- การประเมินและปรับปรุงนวัตกรรมการศึกษา -- เครื่องมือเก็บข้อมูลและการวิเคราะห์ข้อมูล -- อาณาบริเวณการวิจัยและพัฒนานวัตกรรมการศึกษา -- การเขียนโครงร่างและรายงานวิจัยและพัฒนานวัตกรรมการศึกษา -- การประเมินคุณภาพงานวิจัยและพัฒนานวัตกรรมการศึกษา
505 0  ^a^tมโนทัศน์พื้นฐาน : การวิจัยและพัฒนานวัตกรรมการศึกษา --^tการศึกษาข้อมูลพื้นฐาน --^tการออกแบบ สร้าง และประเมินนวัตกรรมการศึกษา --^tการทดลองใช้นวัตกรรมการศึกษา --^tการประเมินและปรับปรุงนวัตกรรมการศึกษา --^tเครื่องมือเก็บข้อมูลและการวิเคราะห์ข้อมูล --^tอาณาบริเวณการวิจัยและพัฒนานวัตกรรมการศึกษา --^tการเขียนโครงร่างและรายงานวิจัยและพัฒนานวัตกรรมการศึกษา --^tการประเมินคุณภาพงานวิจัยและพัฒนานวัตกรรมการศึกษา
505 2  ^aบทที่ 1. มโนทัศน์พื้นฐาน : การวิจัยและพัฒนานวัตกรรมการศึกษา -- บทที่ 2. การศึกษาข้อมูลพื้นฐาน -- บทที่ 3. การออกแบบ สร้าง และประเมินนวัตกรรมการศึกษา -- บทที่ 4. การทดสอบใช้นวัตกรรมการศึกษา -- บทที่ 5. การประเมินและปรับปรุงนวัตกรรมการศึกษา -- บทที่ 6. เครื่องมือเก็บข้อมูลและการวิเคราะห์ข้อมูล -- บทที่ 7. อาณาบริเวณการวิจัยและพัฒนานวัตกรรมการศึกษา -- บทที่ 8. การเขียนโครงร่างและรายงานวิจัยและพัฒนานวัตกรรมการศึกษา -- บทที่ 9. การประเมินคุณภาพงานวิจัยและพัฒนานวัตกรรมการศึกษา.
505 2  ^aมโนทัศน์พื้นบ้าน : การวิจัยและพัฒนานวัตกรรมการศึกษา -- การศึกษาข้อมูลพื้นฐาน -- การออกแบบ สร้าง และประเมินนวัตกรรมการศึกษา -- การทดลองใช้นวัตกรรมการศึกษา -- การประเมินและปรับปรุงนวัตกรรมการศึกษา -- เครื่องมือเก็บข้อมูลและการวิเคราะห์ข้อมูล -- อาณาบริเวณการวิจัยและพัฒนานวัตกรรมการศึกษา -- การเขียนโครงร่างและรายง่านวิจัยและพัฒนานวัตกรรมการศึกษา -- การประเมินคุณภาพงานวิจัยและพัฒนานวัตกรรมการศึกษา.
650  4 ^aนวัตกรรมการศึกษา.
650  4 ^aนวัตกรรมทางการศึกษา.
650  4 ^aนวัตกรรมทางการศึกษา^xวิจัย.
650  7 ^aการศึกษา^xวิจัย
650  7 ^aการศึกษา^xวิธีการทดลอง
650 0   ^aการวิจัย
655  4 ^aHumanities and Social Sciences Branch.
945    ^p200^l0^i30572
945    ^p200^l0^i30573
999    ^aกัณชพร จุลอักษร
รายการนี้ยังไม่มีแท็ก
คุณยังไม่ได้ล็อกอิน คุณสามารถมีกิจกรรมร่วมกับเว็บไซต์ได้ แต่ต้องล็อกอินก่อน ::
  ล็อกอิน

รายการสื่อสารสนเทศ

ลำดับที่ ประเภท เลขเรียก/บาร์โค้ด สถานที่ สถานะ
1. หนังสือสำรอง
หนังสือสำรอง
LB1028.3 ร374ก ฉ.1 
  Barcode: 30572
ห้องสมุดวิทยาเขตนครสวรรค์
►หนังสือทั่วไป:l:General Books
บนชั้น
2. วิทยาศาสตร์การแพทย์ และสุขภาพ
วิทยาศาสตร์การแพทย์ และสุขภาพ
LB1028.3 ร374ก ฉ.2 
  Barcode: 30573
ห้องสมุดวิทยาเขตนครสวรรค์
►หนังสือทั่วไป:l:General Books
บนชั้น

รายการใกล้เคียง
    ผู้แต่ง [รัตนะ บัวสนธ์.]

    หัวเรื่อง [นวัตกรรมการศึกษา.]
    หัวเรื่อง [นวัตกรรมทางการศึกษา.]
    หัวเรื่อง [การวิจัย]

BibComment


ยังไม่เคยถูกคอมเมนท์

คอมเมนท์ทรัพยากรรายการนี้
  คอมเมนท์: การวิจัยและพัฒนา..


 Copyright 2026. Bcnsprnw @Library